Just Change One Letter #1 - Statistics

General Stats
  • This quiz has been taken 161 times
  • The average score is 18 of 20
Answer Stats
Hint Answer % Correct
To consume a liquid Drink
100%
Intoxicated with alcohol Drunk
100%
A course for racing or running Track
100%
The long, circular tube an elephant is known for Trunk
99%
A large vehicle meant for transporting big loads Truck
98%
The partner of the groom Bride
96%
A feeling of satisfaction from one's own achievements Pride
94%
A point at which something is about to happen Brink
93%
A remnant or vestige of something Trace
93%
The reward for a contest, especially if you win Prize
92%
A high salt concentration in water Brine
90%
Chili, paprika, cumin, etc. Spice
90%
The long structure of bones, nerves, and muscles down your back Spine
89%
To cut, especially with a sharp object Slice
88%
A long structure children travel down at a playground Slide
87%
A moist and slippery substance, usually seen as repulsive Slime
80%
A pig Swine
77%
The greatest success point of someone's life Prime
74%
Dirt ingrained on the surface of something Grime
70%
To steal a glance at something Glime
60%
No matching quizzes found
Score Distribution
Percent of People with Each Score
Percentile by Number Answered
Your Score History
You have not taken this quiz